00689nam a22001937a 450000500170000001000170001702000260003403500170006003700180007708200080009524501480010326000620025127000550031330000310036849000330039950000190043270000220045170000220047320140303115954.0 aB-514963-984 a9788131912720c125.00 aB-514963-984 bBBB/Ven.adpl a004 aDiscoveries and Inventions :cedited by Anil Kumar Tomar [and] Pallabi B. Tomar; illustrated by Suman S. Roy [and] Tanoy ChoudhurybComputers / aNew DelhibPegasus an imprint of B. Jain Publishersc00?? a1921/10, Chuna Mandi, PaharganjbNew Delhie110055 a30p. :c26cm(Hb)bcol.ill. aPegasus encyclopedia library aIncludes index aTomar, Anil Kumar aTomar, Pallabi B.